Globalizing Philippine mining (Record no. 9008)
[ view plain ]
| 000 -LEADER | |
|---|---|
| fixed length control field | 00536nam a22001817a 4500 |
| 003 - CONTROL NUMBER IDENTIFIER | |
| control field | SISC |
| 005 - DATE AND TIME OF LATEST TRANSACTION | |
| control field | 20160406090640.0 |
| 008 - FIXED-LENGTH DATA ELEMENTS--GENERAL INFORMATION | |
| fixed length control field | 130822t xxu||||| |||| 00| 0 eng d |
| 020 ## - INTERNATIONAL STANDARD BOOK NUMBER | |
| International Standard Book Number | 9718707271 |
| 050 ## - LIBRARY OF CONGRESS CALL NUMBER | |
| Classification number | HD 9506.P62 |
| Item number | .T819 1998 |
| 082 ## - DEWEY DECIMAL CLASSIFICATION NUMBER | |
| Classification number | HS 338.2 |
| Item number | Tu81 1998 |
| 100 ## - MAIN ENTRY--PERSONAL NAME | |
| Personal name | Tu81 1998 |
| 9 (RLIN) | 12117 |
| 245 ## - TITLE STATEMENT | |
| Title | Globalizing Philippine mining |
| Statement of responsibility, etc | Antonio A. Tujan Jr.and Ros- B Guzman. |
| 260 ## - PUBLICATION, DISTRIBUTION, ETC. (IMPRINT) | |
| Place of publication, distribution, etc | Old Sta Mesa, Manila : |
| Name of publisher, distributor, etc | Ibon Foundation, Inc, |
| Date of publication, distribution, etc | c1998. |
| 300 ## - PHYSICAL DESCRIPTION | |
| Extent | 214 p. : |
| Dimensions | 22 cm. |
| 942 ## - ADDED ENTRY ELEMENTS (KOHA) | |
| Source of classification or shelving scheme | Library of Congress Classification |
| Koha item type | Books |
| Withdrawn status | Lost status | Source of classification or shelving scheme | Damaged status | Home library | Current library | Shelving location | Date acquired | Total Checkouts | Full call number | Barcode | Date last seen | Copy number | Price effective from | Koha item type |
|---|---|---|---|---|---|---|---|---|---|---|---|---|---|---|
| Library of Congress Classification | Luxembourg Library | Luxembourg Library | High School Section | 08/22/2013 | HD 9506.P62 .T819 1998 | 4254 | 04/06/2016 | 1 | 08/22/2013 | Books |